000 00415cam a2200145ua 4500
041 _aeng
_h
082 _a690
_bNIE/MI
100 _aNield, Densil .
245 _aMitchell`s Advanced Building Construction : Components service and Finishes /
_cNield Densil.
_hTextual Documents
260 _aBombay :
_bAllied Publishers Pvt Ltd ,
_c1961.
300 _a436 ; .
504 _a
942 _cBK
999 _c3284
_d3284